Welcome to WEB OPAC of MRSPTU Central Library

Dynamic of structures : With matlab applications (Record no. 6136)

MARC details
000 -LEADER
fixed length control field 00424nam a2200169Ia 4500
008 - FIXED-LENGTH DATA ELEMENTS--GENERAL INFORMATION
fixed length control field 230711s9999||||xx |||||||||||||| ||und||
020 ## - INTERNATIONAL STANDARD BOOK NUMBER
International Standard Book Number 978-93-325-5855-7
041 ## - LANGUAGE CODE
Language code of text/sound track or separate title ENG
082 ## - DEWEY DECIMAL CLASSIFICATION NUMBER
Classification number 624.177
Item number JA-D
100 ## - MAIN ENTRY--PERSONAL NAME
Personal name Jain,Ashok K
245 #0 - TITLE STATEMENT
Title Dynamic of structures : With matlab applications
250 ## - EDITION STATEMENT
Edition statement 1st Ed.
260 ## - PUBLICATION, DISTRIBUTION, ETC.
Date of publication, distribution, etc. 2017
Place of publication, distribution, etc. New Delhi
Name of publisher, distributor, etc. Pearson
300 ## - PHYSICAL DESCRIPTION
Extent 651p.
650 ## - SUBJECT ADDED ENTRY--TOPICAL TERM
Topical term or geographic name entry element Civil Engineering
942 ## - ADDED ENTRY ELEMENTS (KOHA)
Koha item type Book
Holdings
Withdrawn status Lost status Damaged status Not for loan Collection Home library Current library Date acquired Cost, normal purchase price Inventory number Total checkouts Full call number Barcode Date last seen Price effective from Koha item type Date last checked out
          MRSPTU Central Library MRSPTU Central Library   499.00 KBD/2016-2017/960242808   624.177 JA-D 34050 08/17/2023 08/17/2023 Book  
          MRSPTU Central Library MRSPTU Central Library   499.00 KBD/2016-2017/960242808 3 624.177 JA-D 34051 12/11/2025 08/17/2023 Book 12/01/2025
          MRSPTU Central Library MRSPTU Central Library   499.00 KBD/2016-2017/960242808   624.177 JA-D 34052 08/17/2023 08/17/2023 Book  

Website Designed and Developed by MRSPTU Central Library Team

E-mail Id: librarian@mrsptu.ac.in